000 00435nam a2200169 a 4500
001 2421
005 20180713182414.0
008 140415s1990 000 0 spa d
020 _a9684325156
041 _aspa
082 _a346.72
_bPIN
100 1 _aPINA, RAFAEL DE
245 1 0 _aELEMENTOS DE DERECHO CIVIL MEXICANO
250 _a12a ed.
260 _a[s.l.] :
_bPORRUA,
_c1990
650 1 4 _aDERECHO CIVIL
_xMEXICO
999 _c2421
_d2421